Music Quiz

Random Music or Album Quiz

Famous Live Albums Quiz Stats

 Plays Quiz not verified by Sporcle

Score 0/21 Timer 10:00
0 Plays Today
Artist Live Album % Correct
Peter Frampton, 1976Frampton Comes Alive
73.1%
Johnny Cash , 1968At Folsom Prison
67.3%
Eagles, 1994Hell Freezes Over
50%
The Allman Brothers Band, 1971At Fillmore East
48.1%
Pink Floyd, 1995Pulse
48.1%
Led Zeppelin, 1976The Song Remains the Same
48.1%
The Rolling Stones, 1970Get Yer Ya-Ya's Out
44.2%
Wilco, 2005Kicking Television
36.5%
Neil Young, 1979Rust Never Sleeps
34.6%
Thin Lizzy, 1978Live And Dangerous
32.7%
Sting, 1986Bring on the Night
30.8%
Artist Live Album % Correct
Dire Straits, 1984Alchemy Live
30.8%
Paul McCartney, 1990Tripping the Live Fantastic
28.8%
Steely Dan, 1995Alive in America
25%
Bob Marley, 1978Babylon by Bus
23.1%
Eric Clapton, 199124 Nights
23.1%
Phil Collins, 1990Serious Hits... Live!
23.1%
Frank Zappa, 1988Broadway the Hard Way
17.3%
Roxette, 1992Tourism
17.3%
Ben Harper, 2001Live From Mars
17.3%
Portishead, 1998Roseland NYC Live
15.4%

You're not logged in!

Compare scores with friends on all Sporcle quizzes.
OR
Log In

Show Comments

Extras

Top Quizzes Today


Score Distribution

Your Account Isn't Verified!

In order to create a playlist on Sporcle, you need to verify the email address you used during registration. Go to your Sporcle Settings to finish the process.

Report this User

Report this user for behavior that violates our Community Guidelines.

Details: